000 00434nam a2200181 a 4500
001 1761372659946
003 ACL
005 20251025114242.0
008 251025s2008##################000#0#eng##
020 _a9780230636576
082 0 4 _a658.7
_bGOY
100 1 _aGoyal,
_eauthor.
245 1 0 _aSupply Chain Management for Competitiveness :
260 _c2008.
300 _a508 pages
942 _cENGLISH
040 _aACL
_beng
_cACL
999 _c593645
_d593645